Cingles de Bertí : Serralada Prelitoral Catalana / mapa i guia excursionista i turística realitzat per l'equip tècnic de Geògraf Salvador Llobet Edicions Cartogràfiques, Societat Gestora d'Informació Territorial Geoestel ; itineraris a peu: Joan López ... [et al.] ; btt: Joan Portell, Teresa Bruguera ; geologia i espeleologia: J. M. Cervelló Serralada Prelitoral Catalana / mapa i guia excursionista i turística realitzat per l'equip tècnic de Geògraf Salvador Llobet Edicions Cartogràfiques, Societat Gestora d'Informació Territorial Geoestel ; itineraris a peu:
MARC
| LEADER | 00000nam a2200000Ia 4500 | ||
|---|---|---|---|
| 001 | 16614 | ||
| 008 | 160829s9999 xx 000 0 cat d | ||
| 020 | |a 84-95788-65-9 | ||
| 080 | |a FU-45-1 | ||
| 245 | |a Cingles de Bertí : |b Serralada Prelitoral Catalana / mapa i guia excursionista i turística realitzat per l'equip tècnic de Geògraf Salvador Llobet Edicions Cartogràfiques, Societat Gestora d'Informació Territorial Geoestel ; itineraris a peu: |b Joan López ... [et al.] ; btt: |b Joan Portell, Teresa Bruguera ; geologia i espeleologia: |b J. M. Cervelló | ||
| 260 | |a Granollers : |b Alpina ; [Barcelona] : |b Diputació de Barcelona, Xarxa de Municipis, DL 2003 | ||
| 300 | |a 40 p. ; |c 21 cm + 1 mapa pleg. : escala 1:25000 ; |c 67 x 83 cm | ||
| 650 | |a Bertí, Cingles de |x Circuits turístics |9 38484 | ||
| 650 | |a Bertí, Cingles de |x Guies |9 38485 | ||
| 650 | |a Bertí, Cingles de |x Mapes |9 38486 | ||
| 700 | 1 | |a López, Joan |9 38474 | |
| 700 | |a Portell, Joan |9 38482 | ||
| 700 | |a Bruguera, Teresa |9 38475 | ||
| 700 | |a Cervelló, Josep M. |9 38495 | ||
| 710 | 2 | |a Geoestel (Firma) |9 54343 | |
| 710 | 2 | |a Geògraf Salvador Llobet, Edicions Cartogràfiques |9 55770 | |
| 901 | |a Arxiu | ||
| 942 | |n 1 | ||
| 952 | |0 0 |1 0 |4 0 |6 FU451 |7 1 |9 48438 |a Arxiu |b Arxiu |d 2016-12-01 |l 0 |o FU-45-1 |p 16614 |r 2016-12-01 00:00:00 |w 2016-12-01 |y ARXIU | ||
| 999 | |c 52267 |d 52267 | ||